Регионална библиотека "Любен Каравелов" - Русе

Великите мореплаватели на ХVІІІ век (Запис номер 42279)

MARC детайли
000 -Лидер
Контролно поле с фиксирана дължина 01345nam a2200337 c 4500
003 - Код на организацията, давaща контролен номер
Контролно поле BLK
005 - Дата и час на последна редакция
Контролно поле 20250602153141.0
008 - Елементи от данни с фиксирана дължина
fixed length control field 180408b bul|||||r ||||||| ||bul||
010 ## - Наследен системен номер
LC control number KNG00045942000
040 ## - Източник на каталожния запис
Идентификатор на билиотеката - собственик на записа BLK
041 ## - Код за език
Код за езика на текст/звукозапис или на отделно заглавие Български
Код за езика КДБФ Български
080 ## - УДК
Текстов определител УДК Откривателски пътешествия. Експедиции
УДК код - определител по УДК 910.4
УДК определител (26)
УДК - код + определител 910.4(26)
100 ## - Редна дума - Автор
Автор Верн, Жул
R(LIN) 263632
139 ## - Редно поле
Редна дума Верн, Жул
245 10 - Сведения за заглавието
Заглавие Великите мореплаватели на ХVІІІ век
Подзаглавни данни Очерци
Редно поле (дума) Жул Верн; прев. от фр. Невяна Любенова Розева.
257 ## - Страна на издаване
Страна на създаване/издаване Франция
260 ## - Област на издателските данни
Място на издаване, разпространение и проч. Варна
Име на издателя, разпространителя и проч. Държ. изд.
Година на издаване 1966
300 ## - Физическа характеристика
Страници 588 с.
Илюстрации и др. с ил.
Размери/Мащаб 20 см
380 ## - Жанр
Жанр География
490 1# - СЕРИИ (Колекции)
Име на серия Морета, брегове и хора
№: серия 10
650 #4 - Допълнително описание по предмет – тема
Основно описание – тема или топоним Мореплаватели
9 (RLIN) 162727
653 ## - Ключова дума – ненормативна
Ключова дума мореплаватели
653 #7 - Ключова дума – ненормативна
Ключова дума XVIII в.
9 (RLIN) 180243
700 ## - Други автори (авторска отговорност)
Лично име Розева, Невяна Любенова
Дати, свързани с автора 1900 - 1970
Друга информация Преводач от английски, италиански, немски, полски, руски и френски езици.
9 (RLIN) 367712
852 ## - Местоположение
Форматна сигнатура Цб 39793
Фондова буква Хранилище
999 ## - СИСТЕМНИ КОНТРОЛНИ НОМЕРА
Koha biblionumber 42279
Koha biblioitemnumber 42279
942 ## - АРТИКУЛИ
Вид на библиотечния материал Книги
Скрит в OPAC Не
Периодичен библиозапис Да
944 ## - СЪЗДАВАНЕ И РЕДАКЦИЯ на ЗАПИСА
Създаване/Редакция Създаване
Дата на регистрацията/редакция 31.08.2016
Служител, извършил регистрацията/редакцията 30560
Статус, дата на статуса Геновева Генчева
944 ## - СЪЗДАВАНЕ И РЕДАКЦИЯ на ЗАПИСА
Създаване/Редакция Редакция
Дата на регистрацията/редакция 2022-06-03
Служител, извършил регистрацията/редакцията СТ
999 ## - СИСТЕМНИ КОНТРОЛНИ НОМЕРА
Koha biblioitemnumber 42279
999 ## - СИСТЕМНИ КОНТРОЛНИ НОМЕРА
Koha biblioitemnumber 42279
Наличности
Код за отписване Код за изгубен артикул Източник на класификационната схема Код за повреда Коз за рестрикции Код за отдаване Артикулен № Име на библиотеката - собственик Име на библиотеката, в която се намира в момента Статус (Текущо местоположение) Дата на вписване в системата Местоположение - отдел Цена в лева Инвентарен номер Систематично азбучна сигнатура Баркод Номер на екземпляра Цена в евро Служебна бележка Служебен тип на артикула Бележка за публиката
  Не е изгубен Universal Decimal Classification Не е повреден без рестрикции ползва се в читалня 66141 Регионална библиотека "Любен Каравелов" Русе Регионална библиотека "Любен Каравелов" Русе Хранилище 1966-01-01 Хранилище 1.78 455/67 Цб 39793 900000098639 1 0.91 Дост: Dp Вид: Д N: сф Дата: 01.01.1966 Книги  
Изтеглен Не е изгубен Universal Decimal Classification Не е повреден без рестрикции заемане за дома 66142 Регионална библиотека "Любен Каравелов" Русе Регионална библиотека "Любен Каравелов" Русе Заемна - подръчен фонд 1966-01-01 Заемна - подръчен фонд 0.00 2299/67 П 910.4/В 50 2299/67 2 0.00 Дост: Pk Вид: Ф N: сф Дата: 01.01.1966 Книги  
Изтеглен Не е изгубен Universal Decimal Classification Не е повреден без рестрикции заемане за дома 66143 Регионална библиотека "Любен Каравелов" Русе Регионална библиотека "Любен Каравелов" Русе Заемна - подръчен фонд 1966-01-01 Заемна - подръчен фонд 0.00 2301/67 П 910.4/В 50 2301/67 3 0.00 Дост: Pk Вид: Ф N: сф Дата: 01.01.1966 Книги  
Изтеглен Не е изгубен Universal Decimal Classification Не е повреден без рестрикции заемане за дома 66144 Регионална библиотека "Любен Каравелов" Русе Регионална библиотека "Любен Каравелов" Русе Заемна - подръчен фонд 1966-01-01 Заемна - подръчен фонд 0.00 2305/67 П 910.4/В 50 2305/67 4 0.00 Дост: Pk Вид: Ф N: сф Дата: 01.01.1966 Книги  
Изтеглен Не е изгубен Universal Decimal Classification Не е повреден без рестрикции заемане за дома 66145 Регионална библиотека "Любен Каравелов" Русе Регионална библиотека "Любен Каравелов" Русе Заемна - подръчен фонд 1966-01-01 Заемна - подръчен фонд 0.00 2306/67 П 910.4/В 50 2306/67 5 0.00 Дост: Pk Вид: Ф N: сф Дата: 01.01.1966 Книги  
Изтеглен Не е изгубен Universal Decimal Classification Не е повреден без рестрикции заемане за дома 66146 Регионална библиотека "Любен Каравелов" Русе Регионална библиотека "Любен Каравелов" Русе Заемна - подръчен фонд 1966-01-01 Заемна - подръчен фонд 0.00 2308/67 П 910.4/В 50 2308/67 6 0.00 Дост: Pk Вид: Ф N: сф Дата: 01.01.1966 Книги  
Изтеглен Не е изгубен Universal Decimal Classification Не е повреден без рестрикции заемане за дома 66147 Регионална библиотека "Любен Каравелов" Русе Регионална библиотека "Любен Каравелов" Русе Заемна - подръчен фонд 1966-01-01 Заемна - подръчен фонд 0.00 2310/67 П 910.4/В 50 2310/67 7 0.00 Дост: Pk Вид: Ф N: сф Дата: 01.01.1966 Книги  
Изтеглен Не е изгубен   Не е повреден без рестрикции заемане за дома 66148 Регионална библиотека "Любен Каравелов" Русе Регионална библиотека "Любен Каравелов" Русе   1966-01-01 Заемна - подръчен фонд 1.78 53070 П 910.4/В 50 53070 8 0.91 Дост: Pk Вид: Ф N: сф Дата: 01.01.1966 Книги Отч.N: 19/2018 , Дата: 22.03.2018
Vip Innovations Ltd, Rousse, Bulgaria 2025